000 00468nam a22001337a 4500
005 20241106135502.0
008 241106b |||||||| |||| 00| 0 eng d
245 _aThe Ghana Law Reports 1989-90 Vol. 1
260 _aAccra, Ghana
_bConcil for Law Reporting
_c1993
300 _axxxvii, 717 pages
_c25 cm
500 _a Cases determined by the High Court, the Court of Appeal, and the Supreme Court of the Republic of Ghana.
650 _2Law Reports
942 _2lcc
_cBK
_n0
999 _c704
_d704